000 00581nam a2200205 a 4500
999 _c7844
_d7844
001 4858
003 CDMR
005 20240109162654.0
008 130130s2009||||||||||||||||||||||||||||d
020 _a9788461206001
040 _aCDMR
_bcat
_cCDMR
245 0 _aHumoristas por la libertad de prensa
260 _aMadrid :
_bReporteros sin Fronteras,
_cDL 2007
300 _a102 p.
_bil. col.
650 0 4 _93084
_aHumorisme gràfic
650 0 4 _93073
_aLlibertat d'expressió
650 0 0 _91582
_aLlibertat d'impremta
710 _91249
_aReporteros Sin Fronteras
942 _cMON
_2udc